000 00353nam a2200133Ia 4500
008 240624s9999 xx 000 0 und d
041 _aeng
082 _a300 SAA
100 _aSAAVALA MINNA
245 _aMIDDLE CLASS MORALITIES EVERYDAY STRUGGL
260 _c2012
_aNew Delhi
_bOrient BlackSwan
300 _ax, : 226 : p. : cm. ; 22
365 _cRS
_b30
999 _c19775
_d19775